Ošibočnyje reakcii čeloveka-operatora

Gespeichert in:
Bibliographische Detailangaben
1. Verfasser: Cibulevskij, Iosif Jevsejevič
Format: Buch
Sprache:Russisch
Veröffentlicht: Moskva Sovetskoje radio 1979
Tags: Tag hinzufügen
Keine Tags, Fügen Sie das erste Tag hinzu!

MARC

LEADER 00000nam a2200000 4500
001 c141240
005 20041019155321.3
041 0 |a rus 
044 |a RU 
245 1 0 |a Ošibočnyje reakcii čeloveka-operatora  |c Iosif Jevsejevič Cibulevskij 
264 1 |a Moskva  |b Sovetskoje radio  |c 1979 
300 |a 205 s. 
100 1 |a Cibulevskij, Iosif Jevsejevič